header

WebSphere Information Integrator content edition (Record no. 211123)

MARC details
000 -LEADER
fixed length control field 01529nam a2200361Ia 4500
082 04 - DEWEY DECIMAL CLASSIFICATION NUMBER
Classification number 005.2/76
245 00 - TITLE STATEMENT
Title WebSphere Information Integrator content edition
250 ## - EDITION STATEMENT
Edition statement 1st ed.
260 ## - PUBLICATION, DISTRIBUTION, ETC. (IMPRINT)
Place of publication San Jose, CA :
Name of publisher IBM, International Technical Support Organization,
Year of publication 2005.
300 ## - PHYSICAL DESCRIPTION
Number of Pages xxvi, 500 p. :
Other physical details ill.
490 1# - SERIES STATEMENT
Series statement Redbooks
500 ## - GENERAL NOTE
General note "This edition applies to version 8, release 2, modification 1 of WebSphere Information Integrator Content Edition (5724-J31)."
General note "December 2005."
650 #0 - SUBJECT ADDED ENTRY--TOPICAL TERM
Topical Term Database management.
Topical Term Electronic data processing
700 1# - ADDED ENTRY--PERSONAL NAME
Personal name Alur, Nagraj.
856 40 - ELECTRONIC LOCATION AND ACCESS
Uniform Resource Identifier http://site.ebrary.com/lib/rucke/Doc?id=10112634

No items available.

© 2026 Rongo University
Contact us: librarian | system librarian | Rongo university